Simón va al jardín: texto cuaderno para niños de 4 y 5 años que asisten al jardín infantil
Gorde:
| Egile nagusia: | |
|---|---|
| Beste egile batzuk: | |
| Formatua: | Liburua |
| Hizkuntza: | gaztelania |
| Argitaratua: |
Santiago
Andrés Bello
1995
|
| Edizioa: | 20a. ed |
| Gaiak: | |
| Etiketak: |
Etiketa erantsi
Etiketarik gabe, Izan zaitez lehena erregistro honi etiketa jartzen!
|
MARC
| LEADER | 00000nam a2200000 a 4500 | ||
|---|---|---|---|
| 001 | UCH6292 | ||
| 003 | CL-VaPUC | ||
| 008 | 091109e19950000CL |||||||||||||||||spa|d | ||
| 020 | |a 9561303433 | ||
| 082 | 0 | 4 | |a 372.21 |b REN |2 21 |
| 100 | 0 | |a Rencoret Bustos, María del Carmen |e author |9 542727 | |
| 700 | |a Lira Larraín, María Luz |e autora |9 566536 | ||
| 245 | 1 | 0 | |a Simón va al jardín: texto cuaderno para niños de 4 y 5 años que asisten al jardín infantil |
| 250 | |a 20a. ed | ||
| 300 | |a 135 p | ||
| 942 | |c BK | ||
| 945 | |d 20091109 00:00:00 |a lazolas | ||
| 260 | |a Santiago |b Andrés Bello |c 1995 | ||
| 650 | 0 | |a Libros de texto |9 270019 | |
| 650 | 0 | |a Educación preescolar |9 260381 | |
| 650 | 0 | |a Jardines infantiles |9 307427 | |
| 583 | |a last modification |c 20091109 00:00:00 |k Rodrigo Vera | ||
| 999 | |c 337209 |d 337207 | ||